| 000 | 01199cam a22002294a 4500 | ||
|---|---|---|---|
| 005 | 20250605164119.0 | ||
| 008 | 250528s ||||||||||||||||||||||||d | ||
| 035 | _a18205 | ||
| 020 | _a9604053256 | ||
| 040 |
_aGR-AtMCL _bgre _dGR-AtMCL _eAACR2 |
||
| 245 | 1 | _aΤο Unix από την Πλευρά του Χρήστη | |
| 260 |
_bΊων, _c1991 |
||
| 300 | _a544 | ||
| 520 | _aTo Unix δεν είναι μόνο λειτουργικό σύστημα, είναι μια φιλοσοφία προγραμματισμού. Εισαγωγικές Έννοιες, Διερευνώντας το Διάστημα, Τροποποιώντας το Σύστημα Αρχείων, Συντάσσοντας Αρχεία, Διαχείριση Αρχείων, Αυτοματοποίηση Γραφείου, Προγραμματισμός στο Bourne Shell, Πεογραμματισμός στο C Κέλυφος, Οι Διαταγές στο Κέλυφος, Παραρτήματα. | ||
| 700 | 1 |
_aΔημοπούλου Κ _94492 |
|
| 700 | 1 |
_aΚοινή Κ _94493 |
|
| 700 | 1 |
_aΚυταγιά Δ _94494 |
|
| 700 | 1 |
_aΣταματάκου Δ _94495 |
|
| 942 | _cBK | ||
| 999 |
_c3582 _d3582 |
||